000 00291nam a22001337a 4500
008 181001b xxu||||| |||| 00| 0 eng d
020 _a9780072424584
041 _aeng
080 _25th
_a541
100 _a12
101 _aKIM
245 _aOrganic Chemistry
_cCarey,F.A
942 _2udc
_cBK
999 _c48740
_d48740